La última batalla (Record no. 168119)

MARC details
000 -LEADER
campo de control de longitud fija 01009nam a22001935i 4500
001 - NÚMERO DE CONTROL
campo de control 168119
003 - IDENTIFICADOR DE NÚMERO DE CONTROL
campo de control ES-MaACL
005 - FECHA Y HORA DE LA ÚLTIMA TRANSACCIÓN
campo de control 20251014063248.0
008 - DATOS DE LONGITUD FIJA--INFORMACIÓN GENERAL
campo de control de longitud fija 020308s1867 sp |||| | spa d
040 ## - FUENTE DE CATALOGACIÓN
Centro catalogador/agencia de origen CAM
Lengua de catalogación spa
Centro/agencia transcriptor CAM
100 1# - ENTRADA PRINCIPAL--NOMBRE DE PERSONA
Nombre de persona Zamora y Caballero, Eduardo,
Fechas asociadas al nombre 1835-1899
9 (RLIN) 134014
245 13 - MENCIÓN DEL TÍTULO
Título La última batalla
Resto del título : comedia en tres actos y en verso /
Mención de responsabilidad, etc. original de Eduardo Zamora y Caballero.
260 ## - PUBLICACIÓN, DISTRIBUCIÓN, ETC.
Lugar de publicación, distribución, etc. Madrid :
Nombre del editor, distribuidor, etc. [s.n.],
Fecha de publicación, distribución, etc. 1867 (
Fabricante Imprenta de José Rodríguez)
300 ## - DESCRIPCIÓN FÍSICA
Extensión 70 p. ;
Dimensiones 19 cm.
500 ## - NOTA GENERAL
Nota general En port.: Representada por primera vez en Madrid en el teatro del Príncipe, la noche del 19 de enero de 1867, á beneficio del primer galan jóven Antonio Zamora.
596 ## - NOTA AL PIE DE IMPRENTA
NOTA AL PIE DE IMPRENTA Al v. de port. consta : "... Galería dramática y lírica titulada El Teatro..."
852 ## - LOCALIZACIÓN
Ubicación ES-MaACL
Número de control de estantería F-8592(3)
Nota libre -- Enc. pasta española
condición física .- Falto de la cub. original
Nota libre -- Enc. en un vol. facticio formando parte de la col. facticia "Teatro español moderno", vol. 45
Holdings
Estatus retirado Estado de pérdida Estado de daño No para préstamo Colección Biblioteca de origen Biblioteca actual Ubicación en estantería Fecha de adquisición Total de préstamos Signatura topográfica completa Código de barras Visto por última vez Precio de reemplazo Tipo de ítem Koha
        Libros del s. XIX Biblioteca del Ateneo de Madrid Biblioteca del Ateneo de Madrid Sala Pecera Planta 2 17/01/2008   F-8592(3) 1176399 23/02/2023 23/02/2023 Libro impreso antiguo